[Event "RUS Rapid GP Top 16 2018"]
[Site "Khanty-Mansiysk"]
[Date "2018.12.02"]
[Round "8"]
[White "Maletina, Tatiana"]
[Black "Chigaev, Maksim"]
[Result "0-1"]
[WhiteElo "2239"]
[BlackElo "2671"]
[Annotator "TA"]
[PlyCount "64"]
[EventDate "2018.12.01"]
[EventType "swiss"]
[EventCountry "RUS"]
[SourceTitle "playchess.com"]
[Source "ChessBase"]
[SourceQuality "1"]

{[%evp 27,64,21,10,6,44,38,39,16,31,2,-12,0,0,-30,-31,-35,-2,-122,-123,-110,-105,-95,-100,-359,-330,-447,-468,-560,-502,-555,-552,-1257,-1255,-1152,-1077,-1006,-539,-1401,-632]} 1. d4 d6 2. e4 g6 3. c4 Bg7 4. Nc3 Nf6 5. f3 O-O 6. Be3 Nc6 7. Qd2 a6 8. Nge2 Rb8 9. Rc1 Bd7 10. Nd1 {E84: King's Indian: Sämisch Panno: 7 Nge2 a6 8 Qd2 Rb8} Re8 (10... b5 11. c5 Ne8 12. Nf2 e6 13. g3 f5 14. Bg2 Nf6 15. O-O Kh8 16. b3 d5 17. e5 Ng8 {1-0 (69) Vitiugov,N (2734)-Hjartarson,J (2523) Helsingor 2018}) 11. Nf2 e6 12. g3 b5 13. c5 dxc5 14. Rxc5 Bf8 {[%cal Bg7f8,Bf8b4,Bb4a5,Ba5b6][%mdl 32] LiveBook: 6 Games} 15. Rc1 Bb4 16. Nc3 e5 17. d5 Nd4 {[#]} 18. Bxd4 $146 exd4 19. Qxd4 Ba5 $36 {[%mdl 2048] [#] White must now prevent ...b4. Black has the initiative.} 20. b4 Bb6 21. Qd2 c6 22. Be2 (22. dxc6 $1 $11 Bxc6 23. Qxd8 Rexd8 24. Nd3) 22... cxd5 $17 23. Nxd5 Nxd5 24. Qxd5 Qe7 25. O-O $2 {[%mdl 8192] [#]} (25. Nd3 $17) 25... Bh3 $19 26. Rfd1 Red8 {Black is clearly winning.} 27. Qc6 Rdc8 28. Qd5 Qa7 29. Rf1 Bxf2+ 30. Kh1 Bxf1 31. Rxf1 Qd4 32. Qg5 Qe3 {Accuracy: White = 11%, Black = 77%.} 0-1

[Event "RUS Rapid GP Top 16 2018"]
[Site "Khanty-Mansiysk"]
[Date "2018.12.02"]
[Round "9"]
[White "Sjugirov, Sanan"]
[Black "Maletina, Tatiana"]
[Result "1-0"]
[WhiteElo "2722"]
[BlackElo "2239"]
[Annotator "TA"]
[PlyCount "61"]
[EventDate "2018.12.01"]
[EventType "swiss"]
[EventCountry "RUS"]
[SourceTitle "playchess.com"]
[Source "ChessBase"]
[SourceQuality "1"]

{[%evp 22,61,45,30,44,34,43,44,58,49,66,63,68,28,25,30,29,59,55,0,0,0,0,0,180,193,368,342,946,880,1166,1158,1071,930,2481,2355,2150,1934,1844,1542,1511,1496]} 1. d4 d5 2. c4 c6 3. Nf3 Nf6 4. e3 Bf5 5. Nc3 e6 6. Nh4 Bg6 7. Nxg6 hxg6 8. Bd3 Nbd7 {D12: Slav Defence: 3 Nf3 Nf6 4 e3 Bf5} 9. h3 Bd6 10. O-O Qe7 11. c5 (11. e4 dxe4 12. Bxe4 O-O 13. Bg5 Qd8 14. Re1 Qc7 15. Qf3 Bb4 {1-0 (38) Kramnik,V (2808)-Giri,A (2771) Leuven 2017}) 11... Bc7 12. f4 {LiveBook: 9 Games} Ng8 13. b4 a6 14. a4 f5 15. Bd2 Ngf6 16. b5 g5 $146 17. fxg5 (17. b6 {keeps more tension.} Bb8 18. fxg5 Nh5 19. Ne2 Ng3 20. Nxg3 Bxg3 21. Rf3) 17... Ne4 18. Bxe4 dxe4 19. Qb3 $36 {[%mdl 2048] [#] Black must now prevent bxc6. White fights for an advantage.} Rxh3 20. bxc6 (20. Ne2 $1 $14 Rh8 21. bxc6 bxc6 22. Qb7 {[%mdl 64] Double Attack} Bh2+ 23. Kf2) 20... bxc6 $11 21. Qb7 Bh2+ 22. Kf2 $1 Rb8 $2 {[#]} (22... Qxg5 $11 23. Qxa8+ Ke7) 23. Qxc6 $18 (23. Qxa6 Qxg5 24. gxh3 Bg3+ 25. Kg1 Be1+ 26. Kh1 Bxd2 $11) 23... Qxg5 $2 (23... Bg3+ 24. Ke2 Rh2) 24. Qxe6+ (24. gxh3 Bg3+ 25. Kg2 Be5+ 26. Kh1 Qg3 $11) 24... Kf8 $2 (24... Kd8 25. Nxe4 (25. gxh3 Bg3+ 26. Kg2 Be5+ 27. Kh1 Qg3 $11) 25... Bg3+ 26. Nxg3 (26. Kg1 $2 {leads to mate.} Rh1+ {[%mdl 64] Decoy} 27. Kxh1 Qh5+ 28. Kg1 Qh2#) 26... Qxg3+ 27. Ke2 Qxg2+ 28. Rf2 Qe4 29. Qxf5 Qxf5 30. Rxf5 Rb3) 25. Nxe4 {White is clearly winning.} ({Don't go for} 25. Qxd7 $2 Qh4+ 26. Ke2 Qh5+ 27. Rf3 Rxf3 $19) 25... Bg3+ 26. Ke2 Qg4+ 27. Rf3 {[%cal Bf1f3,Bf3f2,Bf2f4][%mdl 32]} Bf4 28. gxh3 Qg2+ 29. Rf2 Qxe4 30. Qxe4 fxe4 31. Rxf4+ {Accuracy: White = 88%, Black = 46%.} 1-0

[Event "RUS Rapid GP Top 16 2018"]
[Site "Khanty-Mansiysk"]
[Date "2018.12.02"]
[Round "9"]
[White "Morozevich, Alexander"]
[Black "Iljiushenok, Ilia"]
[Result "1/2-1/2"]
[WhiteElo "2696"]
[BlackElo "2607"]
[Annotator "TA"]
[PlyCount "62"]
[EventDate "2018.12.01"]
[EventType "swiss"]
[EventCountry "RUS"]
[SourceTitle "playchess.com"]
[Source "ChessBase"]
[SourceQuality "1"]

{[%evp 27,62,25,47,38,41,37,35,37,48,-18,-27,-82,-84,-92,-93,-170,-131,-128,-104,-221,-203,-214,-210,-160,-128,-139,-134,-134,-70,-70,-70,-62,-54,-62,-55,-40,0]} 1. d4 Nf6 2. c4 g6 3. Nc3 Bg7 4. e4 d6 5. f3 O-O 6. Be3 c5 7. Nge2 Nc6 8. d5 Ne5 9. Ng3 h5 10. Be2 {E81: King's Indian: Sämisch: 6th move deviations (including 6 Be3 c6)} h4 11. Nf1 e6 12. Nd2 exd5 13. cxd5 h3 14. g3 a6 {LiveBook: 17 Games} 15. a4 Bd7 16. O-O b5 17. axb5 axb5 18. Rxa8 (18. Nxb5 $14 Qb6 19. Rxa8 Rxa8 20. Na3) 18... Qxa8 $11 19. Nxb5 (19. Qe1 $11) 19... Bxb5 $17 20. Bxb5 Rb8 {[#]} 21. Bc6 $146 (21. Qa4 $17 {keeps fighting.} Qxa4 22. Bxa4) ({Predecessor:} 21. Be2 Rxb2 22. f4 Qa3 23. Bf2 Rxd2 24. Qxd2 Qf3 {0-1 (24) Ringoir,T (2506)-Cheparinov,I (2682) Dubai 2014}) 21... Nxc6 $19 22. dxc6 Qxc6 23. Nc4 {[#]} (23. b3 $17 {was called for.}) 23... d5 $1 {[%cal Rd5c4]} 24. exd5 Nxd5 25. Bf2 Bxb2 26. Nxb2 Rxb2 27. Qc1 Qb5 (27... Rb5 $17 28. Qh6 Qd7) 28. Qxc5 $15 {Black is slightly better.} Qxc5 29. Bxc5 Rg2+ 30. Kh1 Rd2 31. Kg1 Rg2+ {Accuracy: White = 43%, Black = 74%.} 1/2-1/2

[Event "RUS Rapid GP Top 16 2018"]
[Site "Khanty-Mansiysk"]
[Date "2018.12.02"]
[Round "9"]
[White "Chigaev, Maksim"]
[Black "Yudin, Sergei"]
[Result "1/2-1/2"]
[WhiteElo "2671"]
[BlackElo "2643"]
[Annotator "TA"]
[PlyCount "41"]
[EventDate "2018.12.01"]
[EventType "swiss"]
[EventCountry "RUS"]
[SourceTitle "playchess.com"]
[Source "ChessBase"]
[SourceQuality "1"]

{[%evp 24,41,78,75,103,81,112,107,116,39,40,54,25,5,4,14,18,0,17,2]} 1. e4 e5 2. Nf3 Nc6 3. Bc4 Nf6 4. Ng5 d5 5. exd5 Na5 6. Bb5+ c6 7. dxc6 bxc6 8. Be2 h6 9. Nh3 g5 10. Nc3 {C59: Two Knights: 4 Ng5 d5 5 exd5 Na5 5 Bb5+ c6 6 dxc6 bxc6 7 Be2} Bg7 11. d3 O-O 12. Ng1 Nd5 13. h4 {[#] LiveBook: 4 Games} Nxc3 $146 ({Predecessor:} 13... f5 14. hxg5 hxg5 15. Bh5 Qf6 16. Nxd5 cxd5 17. Qd2 Nc6 18. Qxg5 Qxg5 19. Bxg5 {1-0 (56) Piorun,K (2681)-Inarkiev,E (2732) Monzon 2016}) 14. bxc3 e4 {[#]} 15. hxg5 $1 hxg5 16. Rh5 (16. d4 $16) 16... Bxc3+ $14 17. Bd2 Qf6 {aiming for ...Bxd2+.} 18. Bxc3 Qxc3+ {The position is equal.} 19. Kf1 f6 20. dxe4 Nc4 21. Bxc4+ 1/2-1/2

[Event "RUS Rapid GP Top 16 2018"]
[Site "Khanty-Mansiysk"]
[Date "2018.12.02"]
[Round "9"]
[White "Ponkratov, Pavel"]
[Black "Bocharov, Dmitry"]
[Result "1-0"]
[WhiteElo "2658"]
[BlackElo "2684"]
[Annotator "TA"]
[PlyCount "65"]
[EventDate "2018.12.01"]
[EventType "swiss"]
[EventCountry "RUS"]
[SourceTitle "playchess.com"]
[Source "ChessBase"]
[SourceQuality "1"]

{[%evp 15,65,0,3,0,12,24,27,18,33,0,112,112,131,127,140,130,147,129,143,146,158,147,172,172,161,135,139,143,287,267,366,180,205,208,239,164,442,163,150,160,862,858,839,853,817,820,847,734,726,720,696,643]} 1. e4 c6 2. d4 d5 3. e5 Bf5 4. Nf3 e6 5. Be2 Ne7 6. O-O h6 7. b3 c5 {B12: Caro-Kann: Advance Variation} 8. c4 dxc4 {LiveBook: 8 Games} 9. bxc4 cxd4 $146 {The position is equal.} ({Predecessor:} 9... Nbc6 10. dxc5 Qxd1 11. Rxd1 Ng6 12. Be3 Rc8 13. Nbd2 Ngxe5 14. Nxe5 Nxe5 15. Nb3 Be7 16. h3 Nd7 17. Bf3 {½-½ (17) Baklan,V (2595)-Chandler,M (2531) Port Erin 2004}) 10. Nxd4 Nbc6 11. Nb5 $1 {[%cal Rb5d6] [#] Strongly threatening Nd6+.} Ng6 12. Qb3 Be7 (12... Ngxe5 $11 13. Rd1 Qb6) 13. Rd1 $16 Qb8 14. Nd6+ Bxd6 15. exd6 {g4 is the strong threat.} O-O 16. Nc3 {Hoping for g4.} e5 {...Nd4 would now be nice for Black.} 17. Be3 Be6 18. Qa4 Nh4 19. Rab1 {And now c5 would win.} Nf5 20. Bf3 Bd7 21. c5 Rd8 (21... Qc8 $16 {might work better.}) 22. Qb3 $18 b6 23. cxb6 (23. Nd5 $142) 23... Nxe3 24. fxe3 {Black must now prevent b7.} axb6 25. Qxb6 Ra3 $2 {[#]} (25... Qxb6 26. Rxb6 Rac8) 26. Nd5 $2 ({Less strong is} 26. Bxc6 Qxb6 27. Rxb6 Rxc3 $16) (26. Qc7 $1 Qc8 27. Nd5) 26... Qxb6 27. Nxb6 Na5 $2 (27... e4 $16) 28. Nxd7 {White is clearly winning.} Rxd7 29. Rb8+ Kh7 30. Bg4 Rb7 31. Rxb7 Nxb7 32. d7 Nd8 33. Rc1 {Accuracy: White = 45%, Black = 32%.} 1-0

[Event "RUS Rapid GP Top 16 2018"]
[Site "Khanty-Mansiysk"]
[Date "2018.12.02"]
[Round "9"]
[White "Pridorozhni, Aleksei"]
[Black "Maltsevskaya, Aleksandra"]
[Result "1-0"]
[WhiteElo "2631"]
[BlackElo "2247"]
[Annotator "TA"]
[PlyCount "96"]
[EventDate "2018.12.01"]
[EventType "swiss"]
[EventCountry "RUS"]
[SourceTitle "playchess.com"]
[Source "ChessBase"]
[SourceQuality "1"]

{[%evp 23,96,36,34,38,45,41,122,39,47,0,11,-132,0,-81,-48,-94,-101,-83,-91,-172,-168,-193,-222,-210,-191,-361,-343,-308,0,-165,0,-574,-579,-572,-554,-560,-525,-478,-406,-390,-282,-316,-283,-270,-244,-313,-287,-421,-385,-582,-582,-579,-574,-550,-416,-602,-575,-1075,-1058,-1035,-1071,-1026,0,-966,199,0,0,-41,0,0,11,15,20,11,28]} 1. c4 Nf6 2. Nc3 g6 3. g3 Bg7 4. Bg2 O-O 5. d4 d6 6. Nf3 Nbd7 7. O-O e5 8. b3 exd4 9. Nxd4 Nc5 10. Bb2 a5 11. Qc2 c6 12. Rad1 Qb6 13. Ba3 {E67: King's Indian: Fianchetto: 6...Nbd7} (13. Rd2 a4 14. Rfd1 Re8 15. h3 axb3 16. axb3 h5 17. e3 Bd7 18. Kh2 Re7 19. Ra1 Rxa1 20. Bxa1 Ne8 {1-0 (48) Tsvetkov,I (2352)-Janev,E (2485) Plovdiv 2008}) 13... a4 $146 {Strongly threatening ...axb3.} ({Predecessor:} 13... Rd8 14. e3 Bd7 15. Qb1 Qa6 16. Qc2 Rac8 17. Qb1 Bf8 18. Bb2 a4 19. b4 a3 20. Ba1 Ne6 {1-0 (36) Doan,V-Tran,N (2182) Vung Tau 2005}) 14. b4 ({Much weaker is} 14. bxa4 Re8 $11) 14... Ne6 (14... Ncd7 $1 $14) 15. Nf3 (15. Nxe6 $1 $16 Bxe6 16. Rxd6) 15... Rd8 $14 16. e4 Ng4 17. Ne2 {[#]} (17. Rxd6 $11 Rxd6 18. c5) 17... Ne5 (17... Ne3 $1 $17 {[%cal Re3c2][%mdl 512]} 18. fxe3 Qxe3+ {[%mdl 64] Double Attack} 19. Rf2 Qxa3) 18. Nd2 (18. Rd2 $11 {keeps the balance.}) 18... c5 {[%cal Bc6c5,Bc5d4,Bd4d3][%mdl 32]} 19. b5 Nd4 20. Nxd4 cxd4 21. Rb1 (21. c5 $17 {is a better defense.} Qxb5 22. cxd6) 21... Be6 $19 22. Rfc1 d3 23. Qd1 Rac8 24. Rb4 $2 (24. h3) 24... Ng4 25. Qf3 Ne5 $2 ({Better is} 25... Bh6 $19 26. Rb2 Qd4) 26. Qf4 $2 (26. Qd1 $1 $11) 26... Ng4 $2 (26... h5 $19 27. h3 Kh7) 27. h3 $2 {[%mdl 8192]} (27. Qf3 $1 $11 {and White has nothing to worry.}) 27... Bh6 28. hxg4 Bxf4 29. gxf4 Bxg4 30. Bb2 Be6 31. a3 Qa5 32. Rc3 Rc5 33. Rxd3 Rdc8 {[%cal Re6c4]} 34. Rd4 Qb6 35. Bf1 (35. Rxa4 {was worth a try.} h5 36. Rb4) 35... Qd8 36. e5 (36. Bg2 {was necessary.} Qe7 37. Rxa4) 36... Qh4 37. exd6 Rh5 {[%csl Gh5][%cal Rh4h2]} 38. Bg2 {and the idea Nf1 leaves White hopeful.} Bh3 39. Bf3 (39. d7 $142 Rd8 40. Bf3) 39... Bg4 40. Bg2 {If only White now had time for Nf1....} Re8 41. Re4 Rxe4 42. Nxe4 Qh2+ {[%mdl 64] Double Attack} 43. Kf1 Qxf4 $4 {[%mdl 8192] [#]} (43... Bh3 $19 {avoids the disaster.} 44. Nf6+ {[%mdl 64] Discovered Attack} Kf8 45. Nd7+ Bxd7 46. Rxa4 f6 47. Ra8+ Kf7 48. Bd5+ Rxd5 $1 {[%mdl 512]} 49. cxd5 Bxb5+ 50. Ke1 Qg1+ 51. Kd2 Qxf2+ {[%mdl 64] Double Attack} 52. Kc3 Qxf4) 44. Nf6+ $2 (44. d7 $1 $18 {[%cal Rd7d8]} Bxd7 45. Nf6+ {[%mdl 64] Double Attack, Discovered Attack} Kf8 46. Nxd7+ Ke7 47. c5) 44... Kf8 $11 {aiming for ...Qd2.} 45. Nxh5 (45. Rxa4 $5 {[%cal Ra4a8]} Qd2 46. Ra8+ Kg7 47. Rg8+ Kh6 48. Nxg4+ Kg5 49. Ne3 Qxb2 50. d7 Qb1+ 51. Ke2 Qb2+ {[%mdl 64] Double Attack} 52. Kd3 Qxa3+ 53. Kc2 Qa2+ 54. Kc3 Qa3+ 55. Kc2 Qa2+ 56. Kd3 Qa3+ 57. Kc2 $11) 45... gxh5 46. c5 {The position is equal.} Qf5 {( -> ...Qb1+)} 47. Bxb7 {Bc6 is the strong threat.} Bh3+ ({Reject} 47... Qxc5 $6 48. b6 $16) 48. Kg1 {Black must now prevent b6.} Qxc5 {[%mdl 32768] Accuracy: White = 28%, Black = 50%. . Loss on time!?} 1-0

[Event "RUS Rapid GP Top 16 2018"]
[Site "Khanty-Mansiysk"]
[Date "2018.12.02"]
[Round "9"]
[White "Sarana, Alexey"]
[Black "Demidov, Mikhail"]
[Result "1-0"]
[WhiteElo "2617"]
[BlackElo "2586"]
[Annotator "TA"]
[PlyCount "139"]
[EventDate "2018.12.01"]
[EventType "swiss"]
[EventCountry "RUS"]
[SourceTitle "playchess.com"]
[Source "ChessBase"]
[SourceQuality "1"]

{[%evp 30,139,42,46,37,43,49,2,18,4,68,62,73,59,69,39,50,50,56,38,55,43,47,48,57,42,45,36,37,35,35,36,43,39,40,42,51,46,47,47,51,54,52,43,52,-11,-12,-21,0,0,0,-254,-238,-251,-237,-216,-203,-237,-229,-269,-105,-103,-63,-42,-37,-63,-63,-53,-37,-44,-25,-22,-22,-21,0,0,-6,-8,0,-8,398,391,29963,29960,11197,4420,29971,29974,29974,29975,29971,29971,29974,29975,29973,29975,29975,29976,29976,29977,29978,29980,29980,29981,29981,29982,29982,29983,29983,29984,29984,29984]} 1. d4 d5 2. Nf3 Nf6 3. c4 c6 4. Nc3 dxc4 5. a4 Bf5 6. Ne5 Nbd7 7. Nxc4 Qc7 8. g3 e5 9. dxe5 Nxe5 10. Bf4 Nfd7 11. Bg2 g5 {D17: Slav Defence: 5 a4 Bf5: Lines with 6 Nh4 and 6 Ne5} 12. Nxe5 gxf4 13. Nxd7 O-O-O 14. Qd4 Qxd7 15. Qxf4 Bd6 16. Qh6 {LiveBook: 25 Games} Qe6 17. Qxe6+ Bxe6 18. Be4 Bb4 $146 ({Predecessor:} 18... Bb3 19. Rc1 {½-½ (34) Ruck,R (2574)-Varga,P (2438) Hungary 2009}) 19. Bd3 Bh3 ({Better is} 19... h5 $11) 20. O-O-O $14 Be6 21. Kc2 Kc7 22. Rd2 h6 23. Rhd1 (23. e3 {feels hotter.} a6 24. Rdd1 Kb6 25. Be2 Be7 26. b3) 23... a6 24. Be4 Rxd2+ 25. Rxd2 b5 26. Rd1 Rb8 27. axb5 axb5 28. Ra1 Kb6 29. Bd3 Be7 30. e3 Bf6 31. Ne2 Rd8 32. Nf4 Bc8 33. Be4 Be5 34. Nd3 Bd6 35. Rd1 Re8 36. Bg2 Bf5 37. Ra1 ({White should play} 37. Kc3 $14) 37... c5 $11 {aiming for ...c4.} 38. Kd2 c4 39. Nf4 Bxf4 40. gxf4 $2 {[%mdl 12288] Endgame KRB-KRB} (40. exf4 $11 Rd8+ 41. Kc1) 40... Rd8+ $19 41. Ke2 Bd3+ 42. Kf3 f5 43. Kg3 b4 $1 44. Bf3 c3 $2 (44... b3 $19 {has better winning chances.} 45. Ra4 Rg8+ 46. Kh3 Rg1 47. Rb4+ Kc5) 45. bxc3 $17 b3 46. Ra4 $1 {[%cal Ra4b4] Strongly threatening Rb4+.} Rb8 {...b2 is the strong threat.} 47. Bd5 $1 {And now Rb4+ would win.} b2 48. Ba2 Kc5 49. f3 b1=Q (49... Rb3 {keeps more tension.} 50. Ra8 Rxc3 51. Rc8+ Kb4 52. Rb8+ Bb5) 50. Bxb1 Rxb1 $11 {KRB-KR} 51. e4 Rc1 52. Ra5+ Bb5 53. exf5 Rg1+ 54. Kh4 {Black must now prevent Kh5.} Rg8 $2 {[%mdl 8192]} (54... Rd1 $11 {and Black is okay.}) 55. Kh5 $18 Kb6 $2 {[#]} (55... Rb8 $18 56. f6 (56. Kxh6 Kd6 $16) 56... Kd6) 56. Rxb5+ $1 {[%mdl 512]} Kxb5 {KR-KP} 57. f6 Kc6 58. f7 {White mates.} Rf8 59. Kg6 Kd7 60. f5 {[%cal Bf4f5,Bf5f6][%mdl 32]} Ke7 {[#]} 61. f6+ $1 Ke6 62. f4 Rc8 63. f5+ Ke5 64. Kg7 Kxf5 65. f8=Q Rxf8 66. Kxf8 Kxf6 67. c4 {[%cal Bc3c4,Bc4c5][%mdl 32]} h5 68. h4 ({Worse is} 68. c5 Ke6 $11) 68... Ke5 69. Kg7 Kf4 70. c5 {Accuracy: White = 69%, Black = 47%.} 1-0

[Event "RUS Rapid GP Top 16 2018"]
[Site "Khanty-Mansiysk"]
[Date "2018.12.02"]
[Round "9"]
[White "Kryakvin, Dmitry"]
[Black "Kokarev, Dmitry"]
[Result "1/2-1/2"]
[WhiteElo "2529"]
[BlackElo "2698"]
[Annotator "TA"]
[PlyCount "48"]
[EventDate "2018.12.01"]
[EventType "swiss"]
[EventCountry "RUS"]
[SourceTitle "playchess.com"]
[Source "ChessBase"]
[SourceQuality "1"]

{[%evp 13,14,0,0]} 1. c4 c5 2. Nc3 g6 3. g3 Bg7 4. Bg2 Nc6 5. Nf3 e6 6. O-O Nge7 7. e3 O-O {LiveBook: 234 Games} {Predecessor:} 8. d4 $146 cxd4 9. Nxd4 d5 10. cxd5 Nxd5 11. Nxd5 exd5 12. Qb3 Nxd4 13. exd4 Be6 14. Be3 Qd7 15. Rac1 Rac8 16. Rfd1 Rfe8 17. Bf1 Bg4 18. Re1 Bf3 19. Qb5 Bg4 20. Qa5 b6 21. Qb5 Qxb5 22. Bxb5 Rxc1 23. Rxc1 Rc8 24. Rxc8+ Bxc8 {½-½ (35) Le,Q (2697)-So,W (2760) Baku 2015} 1/2-1/2

[Event "RUS Rapid GP Top 16 2018"]
[Site "Khanty-Mansiysk"]
[Date "2018.12.02"]
[Round "9"]
[White "Kabanov, Nikolai"]
[Black "Shuvalova, Polina"]
[Result "1-0"]
[WhiteElo "2403"]
[BlackElo "2411"]
[Annotator "TA"]
[PlyCount "73"]
[EventDate "2018.12.01"]
[EventType "swiss"]
[EventCountry "RUS"]
[SourceTitle "playchess.com"]
[Source "ChessBase"]
[SourceQuality "1"]

{[%evp 11,73,0,0,0,0,0,0,0,0,0,0,0,-8,-6,2,-43,-28,-55,-57,-56,108,100,105,106,275,189,385,384,386,363,372,338,336,240,497,478,716,519,738,727,718,520,5673,661,646,574,531,358,502,476,411,343,2519,717,654,634,614,467,29988,29989,29989,29989,29989,29990]} 1. d4 Nf6 2. Nf3 e6 3. e3 d5 4. Be2 b6 5. O-O Bb7 6. c4 {D05: Colle System with ...e6} Nbd7 {LiveBook: 5 Games} (6... Bd6 7. b3 O-O 8. Bb2 Nbd7 9. Nbd2 Ne4 10. Rc1 Qe7 11. Bd3 Nxd2 12. Nxd2 dxc4 13. Nxc4 Qg5 {1-0 (57) Gunina,V (2522)-Hou,Y (2673) Beijing 2014}) 7. cxd5 exd5 8. b3 $146 {The position is equal.} ({Predecessor:} 8. Nc3 a6 9. Ne5 Bd6 10. f4 O-O 11. Qb3 b5 12. Bf3 c5 13. a3 c4 {1-0 (41) Manolache,M (2521)-Filip,L (2461) Oviedo 2008}) 8... Bd6 9. Ba3 c5 10. Nc3 O-O 11. Rc1 Rc8 12. Bd3 Re8 13. Nb5 Bb8 $1 14. Bf5 a6 15. Nc3 Ne4 $2 (15... c4 $1 $15 {keeps the upper hand.}) 16. dxc5 {aiming for Nxe4.} Nxc3 17. Rxc3 Ba7 $2 (17... bxc5 $16 18. Qd3 g6) 18. Qc2 g6 $2 (18... bxc5 {was called for.} 19. Bxh7+ Kh8) 19. c6 $18 Bxc6 20. Rxc6 Rxc6 21. Qxc6 {[%mdl 64] [#] Double Attack} gxf5 22. Qxd5 Nf8 $2 (22... Ne5 23. Qb7 Bb8 24. Nxe5 (24. Qxa6 Nxf3+ 25. gxf3 Bxh2+ 26. Kxh2 Qh4+ 27. Kg2 Qg5+ 28. Kh1 Qh5+ 29. Kg2 Qg5+ 30. Kh1 Qh5+ 31. Kg2 Qg5+ $11) 24... Bxe5 25. Qxa6 Qa8) 23. Qxf5 Ng6 (23... Qd7 $142 24. Qg5+ Ng6) 24. Bb2 b5 25. Ng5 {[%csl Gg5][%cal Rf5f7] [#]} Qe7 26. Rd1 {Threatens to win with Rd7.} Bb6 (26... Bxe3 $142 27. fxe3 Qxe3+ 28. Kh1 Qe1+ 29. Qf1 Qxf1+ 30. Rxf1 Re2) 27. h4 (27. Rd7 $142 Bc5 28. Rxe7 Rxe7 29. Qf6) 27... Rd8 28. Rxd8+ Bxd8 29. Nxh7 Qxh4 (29... Kxh7 {might work better.} 30. h5 Qe6 31. hxg6+ Qxg6 32. Qh3+ Qh6) 30. Nf6+ Bxf6 31. Qxf6 {[%csl Gb2][%cal Rf6g7]} Qh6 $2 (31... Qxf6 32. Bxf6 Kf8) 32. Qxa6 (32. f4 $142 a5 33. a4 bxa4 34. bxa4) 32... Qh5 33. Qa8+ Kh7 34. Qf3 Qg5 (34... Qxf3 $18 35. gxf3 Ne7) 35. Qxf7+ {White mates.} Kh6 36. Qg7+ Kh5 37. Qh7+ {Accuracy: White = 47%, Black = 29%.} 1-0

[Event "RUS Rapid GP Top 16 2018"]
[Site "Khanty-Mansiysk"]
[Date "2018.12.02"]
[Round "10"]
[White "Kokarev, Dmitry"]
[Black "Sarana, Alexey"]
[Result "1-0"]
[WhiteElo "2698"]
[BlackElo "2617"]
[Annotator "TA"]
[PlyCount "163"]
[EventDate "2018.12.01"]
[EventType "swiss"]
[EventCountry "RUS"]
[SourceTitle "playchess.com"]
[Source "ChessBase"]
[SourceQuality "1"]

{[%evp 21,163,20,16,22,29,22,25,12,22,19,16,6,25,11,54,45,48,50,79,18,62,61,83,72,201,200,189,190,179,56,99,104,99,93,97,95,97,78,80,80,75,76,85,91,79,81,81,80,133,134,124,128,128,129,135,145,126,123,122,117,104,110,218,218,218,218,218,218,488,480,471,463,579,535,756,754,12837,12837,12835,12835,12839,812,12832,12833,12835,12834,12835,12836,12841,12841,12847,0,12836,12837,12837,12837,12838,12838,12840,12837,12838,12838,12839,12839,12839,12840,12840,12839,12840,12839,12839,12839,12844,12845,12845,12846,12850,27999,12851,29939,12851,12851,12851,27999,12851,12851,12851,29947,12851,29981,12851,27999,12851,12851,12851,12851,12851,12851,12851,27999,12851,29972,12851,29962]} 1. e4 c5 2. Nf3 d6 3. d4 cxd4 4. Qxd4 Nc6 5. Bb5 Bd7 6. Qd3 g6 7. c4 {B53: Sicilian: 2...d6: Lines with Qxd4} Bg7 8. Nc3 Nf6 9. O-O O-O 10. h3 Rc8 11. Be3 a6 {LiveBook: 31 Games} 12. Bxc6 Bxc6 13. Nd4 Nd7 14. Rac1 Nc5 15. Qc2 $146 Ne6 16. Qd2 Qa5 17. Rfd1 Qe5 18. Nf3 Qh5 19. Nd5 Rfe8 20. Re1 (20. b4 $16) 20... Nc5 21. Bg5 $1 $36 {[%mdl 2048] aiming for Nf4. White is more active.} Bxd5 $1 22. exd5 e5 (22... f5 $16 {keeps fighting.}) 23. b4 $18 Nd7 24. Re4 $1 {[%cal Re4h4]} Bf6 25. Bxf6 (25. h4 $18) 25... Nxf6 26. Rh4 $1 {[%cal Rh4h5]} Qf5 27. Qh6 g5 28. Nxg5 Qg6 29. Qxg6+ (29. Rc3 {is interesting.} Qxh6 30. Rxh6 Kg7 31. Rh4 h5 32. Ne4) 29... hxg6 {[#]} 30. Ne4 $1 {[%cal Re4f6]} Nxe4 31. Rxe4 $16 {[%mdl 4096] Endgame KRR-KRR} b6 32. Re3 a5 33. bxa5 bxa5 34. Rb3 Rc5 (34... Rc7 $142) 35. Rb5 Rec8 36. Rxc5 Rxc5 {KR-KR} 37. Kf1 Rc7 38. Ke2 Kf8 39. Kd3 Rb7 40. c5 dxc5 41. Rxc5 Rb2 (41... Ke7 $16) 42. d6 $18 {Strongly threatening Rc8+.} ({Don't play} 42. Rxa5 $6 Rxf2 43. d6 Ke8 $16) 42... Ke8 43. Rxe5+ Kd7 {[#]} 44. Re2 $1 {[%cal Re2b2]} ({Not} 44. Rxa5 Rxf2 45. g4 Kxd6 $14) 44... Rb1 $2 (44... Rb4 {might work better.} 45. Re7+ Kxd6 46. Rxf7 Ke6) 45. Re7+ {[%mdl 64] Double Attack} Kxd6 46. Rxf7 Rb2 47. Rf6+ Ke5 48. Rxg6 Rxf2 49. a4 Ra2 50. Rg5+ Kf6 51. Rg4 (51. Rxa5 $142 Rxg2 52. Kc4) 51... Kf5 52. Ke3 Ra1 53. Kf2 Ra3 54. Rc4 Kg5 55. Rc5+ Kh4 56. Rc4+ $2 ({White should try} 56. Rxa5 $18 Ra2+ 57. Ke3) 56... Kh5 $2 {[%mdl 8192]} (56... Kg5 $11 57. Rc5+ Kf4 58. Rxa5 Ra2+ 59. Kg1 Kg3 60. Rg5+ Kh4) 57. Kg1 Kg6 58. Kh2 Kh6 59. h4 Kh5 60. g3 Ra1 61. Kh3 Kh6 62. Kg4 Rb1 63. Rc6+ Kg7 64. Kg5 Rb4 65. Rg6+ Kh7 66. Ra6 Rxa4 67. Ra7+ Kh8 68. g4 Rb4 69. Rxa5 Rb7 70. h5 {[%cal Bh4h5,Bh5h6][%mdl 32]} Kg7 71. Ra6 Kh7 72. Kh4 Rc7 73. h6 Rc5 74. g5 Rc1 75. Ra7+ Kg6 76. Rg7+ Kf5 77. Rf7+ Kg6 78. Rf6+ Kh7 79. Rf7+ Kg6 80. Rg7+ Kf5 81. Kg3 (81. h7 $18 Rh1+ 82. Kg3) 81... Rc3+ 82. Kf2 {Accuracy: White = 74%, Black = 37%.} 1-0